Metodología del trabajo de investigación : (Registro nro. 29993)

Detalles MARC
000 -CABECERA
Longitud fija campo de control 01018nam a2200241 a 4500
003 - • IDENTIFICADOR DELl NÚMERO DE CONTROL
Identificador del número de control CO-ViMGA
008 - • CÓDIGOS DE INFORMACIÓN DE LONGITUD FIJA
Códigos de información de longitud fija 141112s2004 ck r 000 u spa d
020 ## - • NÚMERO INTERNACIONAL NORMALIZADO PARA LIBROS
Número Internacional Normalizado para Libros (ISBN) 968240956X
040 ## - FUENTE DE LA CATALOGACIÓN
Centro catalogador de origen CO-ViMGA
Lengua de catalogación spa
Centro transcriptor CO-ViMGA
082 04 - • NÚMERO DE LA CLASIFICACIÓN DECIMAL DEWEY
Número de clasificación (R) MEVIECAR.42 G172m
100 1# - • PUNTO DE ACCESO PRINCIPAL-NOMBRE DE PERSONA
Nombre de persona García Fernández, Dora
245 10 - • TITULO PROPIAMENTE DICHO
Título Metodología del trabajo de investigación :
Resto del título Guía práctica
250 ## - • MENCIÓN DE EDICIÓN
Mención de edición 2
300 ## - • DESCRIPCIÓN FÍSICA
Extensión 86
505 ## - • NOTA DE CONTENIDO CON FORMATO
Nota de contenido con formato Introducción a la investigación científica 11 - - El proceso de investigación científica 15 - - Sistema de notación para trabajos de investigación 31 - - 41 - - Aspectos tecnicos mecanográficos computacionales del trabajo de investigación 59
590 ## - NOTAS LOCALES
Nota local Forma de adquisición : Compra fact. 0864 - - Precio : 31000 - - Proveedor : Temas y libros - - Fecha de adquisición : Mayo 2007
650 14 - • PUNTO DE ACCESO ADICIONAL DE MATERIA - TÉRMINO DE MATERIA
Término de materia o nombre geográfico como elemento inicial Investigación
650 14 - • PUNTO DE ACCESO ADICIONAL DE MATERIA - TÉRMINO DE MATERIA
Término de materia o nombre geográfico como elemento inicial METODO CIENTIFICO
650 14 - • PUNTO DE ACCESO ADICIONAL DE MATERIA - TÉRMINO DE MATERIA
Término de materia o nombre geográfico como elemento inicial METODOLOGIA DE LA Investigación
942 ## - ENTRADA DE ELEMENTOS AGREGADOS (KOHA)
Fuente de clasificaión o esquema Dewey Decimal Classification
Koha [por defecto] tipo de item LIbro
Existencias
Perdido Fuente de clasificación o esquema Estado Físico No para préstamo Forma de adquisición Localización permanente Localización actual Fecha adquisición Serie de enumeración / cronolog&íacute;a Préstamos totales Signatura completa Código de barras Fecha última consulta Número de copia Fecha del precio de reemplazo Tipo de item de Koha
  Dewey Decimal Classification     Sala General Segundo Piso Biblioteca Pública Germán Arciniegas - Villavicencio Biblioteca Pública Germán Arciniegas - Villavicencio 12/04/2015 Volumen. 1 | 11/jun/2009   001.42 G172m 21377 12/04/2015 Ej. 1 12/04/2015 LIbro









Instituto Departamental de Cultura del Meta - Red Departamental de Bibliotecas Públicas del Meta.